00450nam a22001577a 450000500170000000800410001702000150005804100120007308200150008510000240010024500430012425000190016726000470018630000330023365000260026620240110141315.0240110b |||||||| |||| 00| 0 eng d a0409037567 aEnglish a346.7 KER  aKerr, AJ lEnglish  aThe Law of Sale and Lease / cAJ Kerr  aThird Edition  aDurban : bLexisNexis Butterworth, c2004  bxviii, 565 pages ; c25 cm.  aLegal practice bLaw